|
|
|
|
| LEADER |
00000cam a2200000 7i4500 |
| 001 |
0000004990 |
| 005 |
20220105104008.0 |
| 008 |
070731 |
| 020 |
|
|
|a 9832747627
|
| 020 |
|
|
|a 9832747694(set)
|
| 090 |
0 |
0 |
|a JP
|b ENG (5638)
|
| 245 |
0 |
4 |
|a The fox & the crow :
|b and other stories
|
| 260 |
|
|
|a Selangor :
|b Edu Quest Publisher ,
|c 2005
|
| 440 |
|
|
|a Aesop's fables
|
| 500 |
|
|
|a Children age 4-6 years old (yellow)
|
| 650 |
|
0 |
|a Animals
|
| 650 |
|
0 |
|a Junior preschool
|x English
|x Languages
|
| 700 |
0 |
|
|a Editorial Board
|
| 999 |
|
|
|a 0000970816
|b Book
|c Children Collection
|e Cawangan Tmn. Ungku Tun Aminah
|
| 999 |
|
|
|a 0000970817
|b Book
|c Children Collection
|e Perbadanan Perpustakaan Awam Johor
|
| 999 |
|
|
|a 0000970989
|b Book
|c Children Collection
|e Perbadanan Perpustakaan Awam Johor
|
| 999 |
|
|
|a 0000976766
|b Book
|c Children Collection
|e Cawangan Taman Universiti
|
| 999 |
|
|
|a 0000976767
|b Book
|c Children Collection
|e Cawangan Segamat
|